| 000 | 00918nam a2200241 a 4500 | ||
|---|---|---|---|
| 001 | 39976 | ||
| 003 | BD-RjUL | ||
| 005 | 20211209053117.0 | ||
| 008 | 160420s1974 bg |||| |||| 00| 0 ben d | ||
| 020 | _c: Tk.35.00 (Revised Price) | ||
| 035 | _a(BD-RjUL)40090 | ||
| 040 |
_aBD-RjUL _bben _cBD-RjUL |
||
| 041 | _aben | ||
| 082 |
_223 _a297.1227 _bRAB 1974 |
||
| 100 | 1 |
_aরহমান, মোহাম্মদ গাজিউর _9123128 |
|
| 245 | 1 | 0 |
_aবিশ্বপ্রভুর বাণীর তাৎপর্য / _cমোহাম্মদ গাজিউর রহমান |
| 250 | _a১ম সং | ||
| 260 |
_aপাবনা: _bবেগম জোহরা রহমান, _c১৯৭৪ |
||
| 300 |
_a[১০], ২২০, [৩] পৃ. ; _c২৩ সেমি. |
||
| 650 |
_aকুরআন _xতাৎপর্য _9237570 |
||
| 650 |
_aThe Quran _xCommentaries _9237571 |
||
| 942 |
_2ddc _cBK |
||
| 999 |
_c39976 _d39976 |
||